Easy Flag Quiz - Statistics

General Stats
  • This quiz has been taken 17 times
  • The average score is 22 of 25
Answer Stats
Picture Answer % Correct
Canada
100%
China
100%
Germany
100%
Russia
100%
Sweden
100%
Argentina
93%
Australia
93%
Belgium
93%
France
93%
Iceland
93%
India
93%
Italy
93%
Japan
93%
Norway
93%
United Kingdom
93%
USA
93%
Brazil
87%
Estonia
87%
Finland
87%
Mexico
87%
Denmark
80%
Panama
67%
Liberia
60%
Saint Kitts and Nevis
53%
Antigua and Barbuda
47%
No matching quizzes found
Score Distribution
Percent of People with Each Score
Percentile by Number Answered
Your Score History
You have not taken this quiz